| Поле | Название | Значение |
| |
Тип записи |
a |
| |
Библиографический уровень |
m |
| 001 |
Контрольный номер |
50a54c1303c143959fb96928b924bec8 |
| 005 |
Дата корректировки |
20211015071450.3 |
| 010 |
Индекс ISBN |
__ |
| a |
ISBN |
978-5-04-113378-8 |
| d |
Цена |
435-00 |
| 100 |
Данные общей обработки |
__ |
| a |
Данные общей обработки |
20211014d2021####am#y0rusy50######ca |
| 101 |
Язык документа |
0_ |
| a |
Язык текста |
rus |
| c |
Язык оригинала |
rus |
| 102 |
Страна публикации |
__ |
| a |
Страна публикации |
RU |
| 200 |
Заглавие и сведения об ответственности |
1_ |
| a |
Заглавие |
Рецепты еврейской мамы |
| e |
Сведения, относящиеся к заглавию |
30 лет спустя |
| f |
Первые сведения об ответственности |
Инна Метельская-Шереметьева |
| 210 |
Выходные данные |
1_ |
| a |
Место издания |
Москва |
| c |
Издательство |
Хлеб-Соль |
| c |
Издательство |
Эксмо |
| d |
Дата издания |
2021 |
| 215 |
Физическое описание |
__ |
| a |
Объем |
303 с. |
| c |
Иллюстрации/тип воспроизводства |
ил. |
| 225 |
Серия (Журнальная рубрика) |
2_ |
| a |
Серия (Журнальная рубрика) |
Есть. Читать. Любить |
| 300 |
Общие примечания |
__ |
| a |
Общие примечания |
На обложке: Готовьте смело! Готовьте с любовью! |
| 330 |
Аннотация |
__ |
| a |
Аннотация |
Известная кулинарная писательница предлагает увлекательное продолжение бестселлера "Рецепты еврейской мамы". В новой книге автор собрала более 90 уникальных рецептов на любой вкус. |
| 333 |
Примечание о целевом назначении |
__ |
| a |
Примечание о целевом назначении |
16+ |
| 488 |
Другие взаимосвязанные работы |
_0 |
| 1 |
|
700 1 |
| a |
|
Метельская-Шереметьева |
| b |
|
И. В. |
| g |
|
Инна Витальевна |
| 1 |
|
2001 |
| a |
|
Рецепты еврейской мамы |
| 606 |
Тематические рубрики |
__ |
| a |
Основная рубрика |
Пищевые производства |
| 606 |
Тематические рубрики |
__ |
| a |
Основная рубрика |
Кулинария |
| 610 |
Ключевые слова |
0_ |
| a |
Ключевые слова |
кулинарные рецепты |
| a |
Ключевые слова |
еврейская кухня |
| 686 |
Индексы других классификаций |
__ |
| a |
Индекс ББК |
36.997 |
| 700 |
Автор |
_1 |
| a |
Фамилия |
Метельская-Шереметьева |
| b |
Имя |
И. В. |
| g |
Полное личное имя |
Инна Витальевна |
| 801 |
Источник записи |
_0 |
| a |
Страна |
RU |
| b |
Организация |
Центральная районная библиотека им. Г. А. Пирожникова |
| c |
Дата составления |
20211014 |
| g |
Правила каталогизации |
bzbo |
| 801 |
Источник записи |
_1 |
| a |
Страна |
RU |
| b |
Организация |
Центральная районная библиотека им. Г. А. Пирожникова |
| c |
Дата составления |
20211014 |
| g |
Правила каталогизации |
bzbo |
| 852 |
Данные о местонахождении |
__ |
| j |
Шифр хранения |
36.997 |
| i |
Авторский знак |
М 541 |
| 901 |
Тип документа |
__ |
| t |
Тип документа |
m |
| 902 |
Роль лиц |
__ |
| a |
Создатель БЗ |
ОКиО/Колмакова |